| 000 | 00701nmm a2200253 a 4500 | ||
|---|---|---|---|
| 003 | AR-BaBNM | ||
| 005 | 20251128203521.0 | ||
| 008 | 296119s1992 ||||||||||||||000 | spa|| | ||
| 020 | _a950-21-083-8 | ||
| 040 | _cAR-BaBNM | ||
| 100 | 1 | _aIdiart, Enrique Ernesto | |
| 245 | 1 | 0 |
_aEducación sexual escolar _bpara padres, docentes y alumnos |
| 250 | _a1ª ed. | ||
| 260 |
_aBuenos Aires _bPlus Ultra _c1992 |
||
| 300 | 0 |
_a62 p. _bil. |
|
| 500 | 0 | _aContiene referencias bibbliográficas en p. 61 | |
| 650 | 4 | _aEDUCACION SEXUAL | |
| 650 | 4 | _aSEXUALIDAD | |
| 650 | 4 | _aFORMACION DE DOCENTES | |
| 650 | 4 | _aEDUCACION DE LOS PADRES | |
| 653 | 0 | _aEDUCACION PRIMARIA | |
| 942 | _cBK | ||
| 998 | _cMARTIN | ||
| 999 |
_c3746 _d3746 |
||